Receptors and ion channels : proceedings of the Symposium on Receptors and Ion Channels, Tashkent, USSR, October 2-5, 1986 /

Bibliographic Details
Corporate Author: Symposium on Receptors and Ion Channels Tashkent, Uzbekistan
Other Authors: Ovchinnikov, I͡U. A. (I͡Uriĭ Anatolʹevich), 1934-, Hucho, Ferdinand, 1939-
Format: Conference Proceeding Book
Language:English
Published: Berlin ; New York : W. de Gruyter, 1987.
Subjects:

MARC

Tag First Indicator Second Indicator Subfields
LEADER 00000cam a2200000 a 4500
001 in00000006988
005 20160130063740.0
008 870402s1987 wb a b 10110 eng
010 |a  87009003  
020 |a 089925375X (U.S.) :  |c $105.00 (est.) 
035 |a (OCoLC)15550137 
035 |9 AAA1451AM 
040 |a DLC  |c DLC  |d TXA  |d UtOrBLW 
049 |a TXAM  |c [A10755133] 
050 0 0 |a QH603.C43  |b S95 1986 
082 0 |a 574.87/5  |2 19 
111 2 |a Symposium on Receptors and Ion Channels  |d (1986 :  |c Tashkent, Uzbekistan) 
245 1 0 |a Receptors and ion channels :  |b proceedings of the Symposium on Receptors and Ion Channels, Tashkent, USSR, October 2-5, 1986 /  |c editors, Y.A. Ovchinnikov, F. Hucho. 
264 1 |a Berlin ;  |a New York :  |b W. de Gruyter,  |c 1987. 
300 |a xi, 351 pages :  |b illustrations ;  |c 25 cm. 
336 |a text  |b txt  |2 rdacontent 
337 |a unmediated  |b n  |2 rdamedia 
338 |a volume  |b nc  |2 rdacarrier 
504 |a Includes bibliographies and indexes. 
650 0 |a Cell receptors  |v Congresses. 
650 0 |a Ion channels  |v Congresses. 
700 1 |a Ovchinnikov, I͡U. A.  |q (I͡Uriĭ Anatolʹevich),  |d 1934- 
700 1 |a Hucho, Ferdinand,  |d 1939- 
999 |a MARS 
999 f f |s 38b7f3b9-5a4f-3408-af29-8167e63c730d  |i 7b7062f7-c054-3371-8826-8933bd9e3758  |t 0 
952 f f |p ric  |a Texas A&M University  |b Rellis Campus  |c Joint Library Facility  |d Remote Storage  |t 0  |e QH603.C43 S95 1986  |h Library of Congress classification  |i unmediated -- volume  |m A14810755133 
998 f f |a QH603.C43 S95 1986  |t 0  |l Remote Storage